000 00580nam a2200169 a 4500
001 000023104
005 20200930022006.0
008 101126s1959 waua r 001 0 spa d
040 _aDO-SdBNP
_bspa
_cBNPHU
082 _axxxxx
_bA837a
110 1 _aAsociación Americana de Hospitales.
_947568
245 1 0 _aadministración de registros de hospital :
_bmanual de instrucciones.
260 _aWashington, D. C. :
_bAsociación Americana de Hospitales,
_c1959.
300 _aviii, 76 p. :
_bil. ;
_c21 cm.
500 _aIncluye índice de materias.
590 _aInventariado, 2019 /LP
999 _c22601
_d22601